Slovenská cesta k znalostnej ekonomike vo svetle "Lisabonskej stratégie pre Slovensko"

Význam znalostnej ekonomiky. Ciele Lisabonskej stratégie. Formovanie znalostnej ekonomiky na Slovensku. Investície do vedy a výskumu na Slovensku.

Na minha lista:
Detalhes bibliográficos
Autor principal: Staneková, Eva
Formato: Capítulo de Livro
Idioma:eslovaco
Assuntos:
Tags: Adicionar Tag
Sem tags, seja o primeiro a adicionar uma tag!

MARC

LEADER 00000nla$a2200000$$$4500
001 0053567
005 20240502071624.3
041 0 |a slo 
044 |a SK 
245 1 0 |a Slovenská cesta k znalostnej ekonomike vo svetle "Lisabonskej stratégie pre Slovensko"  |c Eva Staneková 
520 |a Význam znalostnej ekonomiky. Ciele Lisabonskej stratégie. Formovanie znalostnej ekonomiky na Slovensku. Investície do vedy a výskumu na Slovensku. 
610 2 0 |a ekonomika vedomostná 
610 2 0 |a prostredie podnikateľské 
610 2 0 |a Slovensko 
610 2 0 |a veda 
610 2 0 |a výskum 
100 1 |a Staneková, Eva